000 00487nam a2200169 i 4500
001 31403
003 ES-MaACL
005 20230906154355.0
007 t|
008 030129s1967 sp ||||1| spa d
100 1 _aBauer, Erwin A.
_926546
245 1 3 _aLa pesca del black-bass /
_cErwin A. Bauer ; [traducido por VERSUM].
260 _aBarcelona :
_bSintes,
_c[1967]
300 _a272 p., 3 lám. :
_bil. ;
_c23 cm.
710 2 _aVERSUM.
_97551
852 _aES-MaACL
_jC-34367
_bR.65263
999 _c31403
_d31403